000 00377nam a2200145 i 4500
001 bg
245 0 _aEncyklopedia ekonomiczno-rolnicza /
_c[kom. red. Zbigniew Adamowski et al.].
260 _aWarszawa,
_c1984.
700 1 _aAdamowski, Zbigniew.
_eRed.
040 _cBPK
041 _apol
080 _a63.003(03)
942 _cKS
008 s pl f |000 0 pol
999 _c22421
_d22421
856 _uhttp://koha.tu.koszalin.pl/cgi-bin/koha/opac-detail.pl?biblionumber=22421
_yKatalog online BPK